00460 a2200109 4500082001200000100001600012245010500028260003200133300003300165500009500198856005700293 aMS-IT-9 aAmjad Usman aExploiting the semantics of taxonomy in subject searching of institutional repositoriescAmjad Usman aIslamabadbNUST-SEECSc2012 a54p.b;ill.c;27cm.+eCD ROM aSupervisors: Dr. Sharifullah Khan, Dr. Khalid Latif, Dr. Hamid Mukhtar, Mr. Muhammad Bilal uhttp://10.250.8.41:8080/xmlui/handle/123456789/10052